header

Digging for lost African gods (Record no. 196)

MARC details
000 -LEADER
fixed length control field 01383nam a2200325Ia 4500
100 1# - MAIN ENTRY--AUTHOR NAME
Personal name Khun de Prorok, Byron,
245 10 - TITLE STATEMENT
Title Digging for lost African gods
260 ## - PUBLICATION, DISTRIBUTION, ETC. (IMPRINT)
Place of publication Santa Barbara, Calif. :
Name of publisher Narrative Press,
Year of publication c2001.
300 ## - PHYSICAL DESCRIPTION
Number of Pages 259 p.
500 ## - GENERAL NOTE
General note Reprint of 1925 edition.
650 #0 - SUBJECT ADDED ENTRY--TOPICAL TERM
Topical Term Excavations (Archaeology)
856 40 - ELECTRONIC LOCATION AND ACCESS
Uniform Resource Identifier http://site.ebrary.com/lib/rucke/Doc?id=5003601

No items available.

© 2026 Rongo University
Contact us: librarian | system librarian | Rongo university